1843 1321 1514 1921 1082 1391 1574 1901 1061 1913 1747 1963 1993 1880 1628 1943 1208 1282 1285 1846 1769 1805 1374 1566 1951 1673 1726 1740 1748 1313 1144 1847 1519 1074 1331 1172 1156 1442 1684 1965 1486 1332 1273 1930 1692 1398 1499 1189 1374 1823 1184 1806 1973 1871 1256 1290 1474 1954 1695 1769 1126 1223 1412 1644 1678 1492 1462 1203 1546 1089 1911 1544 1002 1131 1381 1083 1067 1133 1721 1266 1244 1261 1056 1140 1540 1404 1610 1834 1446 1308 1865 1334 1699 1411 1244 1819 1435 1194 1545 BCNSPRNW ULIB Ver.6.0+V

เปลี่ยนเป็นภาษาไทย

Change to English
 แสดงรายละเอียดบรรณานุกรม
  กลับหน้าหลัก

Brief Record : Get Marc (ISO 2709) : E-mail record : QR code < ปิดหน้าต่าง
LEADER : 00000nam 2200000uu 4500
001    13399121692
003     ULIB
008    121129s2549||||th 000 0 tha d
020    ^a9749980115
020    ^a9789749980115
060 04 ^aWS100^bช22ค
245 00 ^aคู่มือการใช้ยาในเด็ก /^cบรรณาธิการ, นวลจันทร์ ปราบพาล,จิตลัดดา ดีโรจนวงศ์
260    ^aกรุงเทพฯ :^bภาควิชากุมารเวชศาสตร์ คณะแพทยศาสตร์จุฬาลงกรณ์มหาวิทยาลัย,^c2549
300    ^avi, 258 หน้า ;^c19 ซม.
650  7 ^aการใช้ยา^xในวัยทารกและวัยเด็ก^vคู่มือ
650  7 ^aการรักษาด้วยยา^xในวัยทารกและวัยเด็ก^vคู่มือ
650  7 ^aกุมารเวชศาสตร์
700 0  ^aนวลจันทร์ ปราบพาล,^eบรรณาธิการ
700 0  ^aจิตลัดดา ดีโรจนวงศ์,^eบรรณาธิการ
710 2  ^aจุฬาลงกรณ์มหาวิทยาลัย. ^bคณะแพทยศาสตร์.^bภาควิชากุมารเวชศาสตร์
945    ^p0^l0^i14549
945    ^p0^l0^i15574
945    ^p0^l0^i15575
945    ^p0^l0^i15733
995    ^aวิภา
999 ^a ใช้งานได้ทุกระบบ
รายการนี้ยังไม่มีแท็ก
คุณยังไม่ได้ล็อกอิน คุณสามารถมีกิจกรรมร่วมกับเว็บไซต์ได้ แต่ต้องล็อกอินก่อน ::
  ล็อกอิน

รายการสื่อสารสนเทศ

ลำดับที่ ประเภท เลขเรียก/บาร์โค้ด สถานที่ สถานะ
1. วิทยาศาสตร์การแพทย์ และสุขภาพ
วิทยาศาสตร์การแพทย์ และสุขภาพ
WS100 ช22ค  
  Barcode: 14549
ห้องสมุดวิทยาเขตสวรรค์ประชารักษ์
►หนังสือทั่วไป
บนชั้น
2. วิทยาศาสตร์การแพทย์ และสุขภาพ
วิทยาศาสตร์การแพทย์ และสุขภาพ
WS100 ช22ค ฉ.2 
  Barcode: 15574
ห้องสมุดวิทยาเขตสวรรค์ประชารักษ์
►หนังสือทั่วไป
บนชั้น
3. วิทยาศาสตร์การแพทย์ และสุขภาพ
วิทยาศาสตร์การแพทย์ และสุขภาพ
WS100 ช22ค ฉ.3 
  Barcode: 15575
ห้องสมุดวิทยาเขตสวรรค์ประชารักษ์
►หนังสือทั่วไป
บนชั้น
4. วิทยาศาสตร์การแพทย์ และสุขภาพ
วิทยาศาสตร์การแพทย์ และสุขภาพ
WS100 ช22ค ฉ.4 
  Barcode: 15733
ห้องสมุดวิทยาเขตสวรรค์ประชารักษ์
►หนังสือทั่วไป
บนชั้น

รายการใกล้เคียง
    หัวเรื่อง [กุมารเวชศาสตร์]

BibComment


ยังไม่เคยถูกคอมเมนท์

คอมเมนท์ทรัพยากรรายการนี้
  คอมเมนท์: คู่มือการใช้ยาใน..


 Copyright 2026. Bcnsprnw @Library